00805cam a2200205 4500020001500000041001200015082001700027100002400044245004500068260004900113300001700162490006400179500017600243650002400419650002200443650001900465942000700484952009100491999001700582 a0814729517 aEnglish00a892.7/09/3541 aGiffen, Lois Anita.10aTheory of profane love among the Arabs : aNew York,bNew York University Press,c1971. axvii, 167 p.1 aNew York University. Studies in Near Eastern civilization ; aOriginally presented as the author's thesis, Columbia University, under title: The development of the Arabic literature on the theory of profane love: an historical study. 0aLove in literature. 0aArabic literature 0aLiterary form. cBK 00104070aHMIbHMIcGENd2018-08-10l0o892.73 GIFp7492r2018-08-10w2018-08-10yBK c21335d21335